Economic survey, Assam, 1988-89 (Record no. 508511)

000 -LEADER
fixed length control field 00474cam a22001457a 4500
008 - FIXED-LENGTH DATA ELEMENTS--GENERAL INFORMATION
fixed length control field 180718b xxu||||| |||| 00| 0 eng d
082 ## - DEWEY DECIMAL CLASSIFICATION NUMBER
Classification number T19x5411 As72/1988-89
100 ## - MAIN ENTRY--PERSONAL NAME
Personal name Assam. Directorate of Economics & Statistics
9 (RLIN) 3884
245 ## - TITLE STATEMENT
Title Economic survey, Assam, 1988-89
Statement of responsibility, etc by Directorate of Economics & Statistics, Assam
260 ## - PUBLICATION, DISTRIBUTION, ETC. (IMPRINT)
Place of publication, distribution, etc Gauhati
Name of publisher, distributor, etc Government of Assam
Date of publication, distribution, etc 1990
300 ## - PHYSICAL DESCRIPTION
Extent 93+p.
500 ## - GENERAL NOTE
General note Library has 1982/83, 1983/84
650 ## - SUBJECT ADDED ENTRY--TOPICAL TERM
Topical term or geographic name as entry element Survey
9 (RLIN) 3885
942 ## - ADDED ENTRY ELEMENTS (KOHA)
Source of classification or shelving scheme
Holdings
Withdrawn status Lost status Source of classification or shelving scheme Damaged status Koha normalized classification for sorting Not for loan Permanent location Current location Date acquired Full call number Barcode Date last seen Price effective from Koha item type
        T_19X5411_AS72_198889   Indian Institute of Public Administration Indian Institute of Public Administration 2019-03-29 T19x5411 As72/1988-89 GG34382 2019-03-29 2019-03-29 GG

Powered by Koha